02223nam a2200385Ia 450000500170000000800270001702000180004408200160006224500880007824600660016625000370023230000490026949000130031850000470033150000610037850400270043952007360046665000660120265000610126865000470132965100650137670000270144170000460146870000500151470000330156470000290159770000340162694200120166026400270167233600270169933700330172633800280175904000350178799900150182220220317000211.0141031s9999 ck 000 0 spa d a978958704939804a980.02bM3400a1810bantecedentes, desarrollo y consecuencias cMario Jaramillo... [y otros cinco]10aMil ochocientos diez antecedentes, desarrollo y consecuencias a1a. ediciónb1a. reimpresión a298 páginasbfotografías en colorc24 cm aHistoria aIncluye datos biográficos de los autores aIncluye cronología de la independencia e iconografía aIncluye bibliografía aLa Península Ibérica a comienzos del siglo XIX / Mario Jaramillo -- Los movimientos revolucionarios del siglo XVIII y su influencia libertaria / Carlos José Reyes -- Los movimientos sociales anteriores a la independencia : motines, protestas, rebeliones e insurrecciones en la América española durante el siglo XVIII / Gustavo Adolfo Quesada Vanegas -- El movimiento ideológico de la independencia en la Nueva Granada / Javier Ocampo López -- Los aspectos sociales de la guerra por la independencia en la Nueva Granada / Clément Thibaud -- Una revolución inconclusa / José Fernando Ocampo -- Cronología de la independencia de Colombia (1780-1819) -- Primeras juntas de gobierno en Hispanoamérica (1808-1811)142LEMBaMovimientos revolucionariosxHistoriazAmérica latina142LEMBaMovimientos socialesxHistoriazAmérica latina 142LEMBaMovimientos socialeszColombiay181014aColombiaxHistoriayGuerra de independencia 1810-182492305610aJaramillo, Mario9758910aReyes Posada, Carlos José,d1941-9759010aQuesada Vanegas, Gustavo Adolfo,d1947-9759110aOcampo López, Javier9759210aThibuad, Clément9759310aOcampo, José Fernando97594 2ddccBK aBogotábTaurusc2010 atextobtxt2rdacontent asin mediaciónbn2rdamedia avolumenbnc2rdacarrier aCO-BoRNBPbspaerdacCO-BoRNBP c3384d3384